Karol Beffa, En avant la musique! Maurice Ravel, Éditions des Équateurs, 2025, 208 pages, €14. Maurice Ravel, Correspondance, écrits et entretiens, edition by Manuel Cornejo, two-volume set, 2,000 letters and cards, 147 writings including 28 articles and 80 interviews, Gallimard, “Tel,” 2025, 2,934 pages, €32. (notice n° 1613726)
[ vue normale ]
| 000 -LEADER | |
|---|---|
| fixed length control field | 00913cam a2200157 4500500 |
| 005 - DATE AND TIME OF LATEST TRANSACTION | |
| control field | 20260111053236.0 |
| 041 ## - LANGUAGE CODE | |
| Language code of text/sound track or separate title | fre |
| 042 ## - AUTHENTICATION CODE | |
| Authentication code | dc |
| 100 10 - MAIN ENTRY--PERSONAL NAME | |
| Personal name | Skoric, Arthur |
| Relator term | author |
| 245 00 - TITLE STATEMENT | |
| Title | Karol Beffa, En avant la musique! Maurice Ravel, Éditions des Équateurs, 2025, 208 pages, €14. Maurice Ravel, Correspondance, écrits et entretiens, edition by Manuel Cornejo, two-volume set, 2,000 letters and cards, 147 writings including 28 articles and 80 interviews, Gallimard, “Tel,” 2025, 2,934 pages, €32. |
| 260 ## - PUBLICATION, DISTRIBUTION, ETC. | |
| Date of publication, distribution, etc. | 2025.<br/> |
| 500 ## - GENERAL NOTE | |
| General note | 70 |
| 520 ## - SUMMARY, ETC. | |
| Summary, etc. | In Paris, at the Bibliothèque nationale de France, an exhibition devoted to Colette reveals the many lives of this emblematic literary figure of the twentieth century. |
| 786 0# - DATA SOURCE ENTRY | |
| Note | Études | 4331 | 11 | 2025-11-03 | p. 119-120 | 0014-1941 |
| 856 41 - ELECTRONIC LOCATION AND ACCESS | |
| Uniform Resource Identifier | <a href="https://shs.cairn.info/journal-etudes-2025-11-page-119?lang=en&redirect-ssocas=7080">https://shs.cairn.info/journal-etudes-2025-11-page-119?lang=en&redirect-ssocas=7080</a> |
Pas d'exemplaire disponible.




Réseaux sociaux